000 00359nam a2200133Ia 4500
008 210210b1979 xxu||||| |||| 00| 0 eng d
082 _aS491.802 AIYE
100 _aAIYAR (T K Ramachandra).
245 _aExercises in sanskrit translation.
260 _aPalghat.
_bR S Vadhyar & Sons.,
_c1979
300 _aii,103
690 _aSanskrit Usage
906 _a035059
999 _c86057
_d86057